<?xml version="1.0" encoding="UTF-8"?>
<record
    xmlns:xsi="http://www.w3.org/2001/XMLSchema-instance"
    xsi:schemaLocation="http://www.loc.gov/MARC21/slim http://www.loc.gov/standards/marcxml/schema/MARC21slim.xsd"
    xmlns="http://www.loc.gov/MARC21/slim">

  <leader>04707cam a2200913 i 4500</leader>
  <controlfield tag="001">p8lt17blmf43m17v</controlfield>
  <controlfield tag="003">LIBRIS</controlfield>
  <controlfield tag="005">20260409133803.0</controlfield>
  <controlfield tag="008">250604s2019    enka|||e|b||||001 0|eng|d</controlfield>
  <datafield tag="016" ind1="7" ind2=" ">
    <subfield code="a">PUV1510673</subfield>
    <subfield code="2">itri</subfield>
  </datafield>
  <datafield tag="020" ind1=" " ind2=" ">
    <subfield code="a">9780367892869</subfield>
    <subfield code="q">paperback</subfield>
  </datafield>
  <datafield tag="020" ind1=" " ind2=" ">
    <subfield code="a">0367892863</subfield>
  </datafield>
  <datafield tag="035" ind1=" " ind2=" ">
    <subfield code="a">(OCoLC)on1137136326</subfield>
  </datafield>
  <datafield tag="040" ind1=" " ind2=" ">
    <subfield code="a">Li</subfield>
    <subfield code="b">swe</subfield>
    <subfield code="c">ITUSP</subfield>
    <subfield code="d">ITMBA</subfield>
    <subfield code="d">OCLCL</subfield>
    <subfield code="d">Li</subfield>
    <subfield code="e">i</subfield>
    <subfield code="e">rda</subfield>
  </datafield>
  <datafield tag="041" ind1=" " ind2=" ">
    <subfield code="a">eng</subfield>
  </datafield>
  <datafield tag="082" ind1="0" ind2="4">
    <subfield code="a">304.801 M477&#x202F;2019</subfield>
    <subfield code="2">23/swe</subfield>
  </datafield>
  <datafield tag="084" ind1=" " ind2=" ">
    <subfield code="a">Ojc</subfield>
    <subfield code="2">kssb/8 (machine generated)</subfield>
  </datafield>
  <datafield tag="130" ind1="0" ind2=" ">
    <subfield code="a">Mobility and the humanities</subfield>
  </datafield>
  <datafield tag="245" ind1="1" ind2="0">
    <subfield code="a">Mobility and the humanities /</subfield>
    <subfield code="c">edited by Peter Merriman and Lynne Pearce.</subfield>
  </datafield>
  <datafield tag="264" ind1=" " ind2="1">
    <subfield code="a">London ;</subfield>
    <subfield code="a">New York :</subfield>
    <subfield code="b">Routledge,</subfield>
    <subfield code="c">2019</subfield>
  </datafield>
  <datafield tag="300" ind1=" " ind2=" ">
    <subfield code="a">ix, 143 sidor</subfield>
    <subfield code="b">illustrationer</subfield>
    <subfield code="c">26 cm.</subfield>
  </datafield>
  <datafield tag="336" ind1=" " ind2=" ">
    <subfield code="a">text</subfield>
    <subfield code="b">txt</subfield>
    <subfield code="2">rdacontent</subfield>
  </datafield>
  <datafield tag="337" ind1=" " ind2=" ">
    <subfield code="a">unmediated</subfield>
    <subfield code="b">n</subfield>
    <subfield code="2">rdamedia</subfield>
  </datafield>
  <datafield tag="338" ind1=" " ind2=" ">
    <subfield code="a">volume</subfield>
    <subfield code="b">nc</subfield>
    <subfield code="2">rdacarrier</subfield>
  </datafield>
  <datafield tag="520" ind1=" " ind2=" ">
    <subfield code="a">"Over the past twenty years there has been something of a mobilities turn across many disciplines in the social sciences. This book charts the increasing influence this turn is having on scholars in the arts and humanities, tracing the importance of questions and feelings of movement to scholars and arts practitioners across fields such as literary studies, historical geography, history, poetry and film. The book outlines what a mobilities turn might look like in the arts and humanities, tracing a genealogy of humanities engagements with themes of movement and mobility, and examining the different methods and textual sources humanities scholars have deployed. The book is uniquely positioned to speak to two audiences: mobilities scholars in the social sciences interested in learning more about how literary and cultural texts may be incorporated into their research, and researchers in the humanities who have only recently discovered that their thematic, or conceptual interest, in movement and mobility speaks directly to theories and philosophies that have circulated in the social sciences. This diverse and stimulating collection demonstrates the potential for future intellectual dialogues and creative collaborations around the theme of mobility." --</subfield>
    <subfield code="c">Sommario fornito dall'editore</subfield>
  </datafield>
  <datafield tag="650" ind1=" " ind2="7">
    <subfield code="a">Migration</subfield>
    <subfield code="0">https://id.kb.se/term/sao/Migration</subfield>
    <subfield code="2">sao</subfield>
  </datafield>
  <datafield tag="650" ind1=" " ind2="7">
    <subfield code="a">Sociologi</subfield>
    <subfield code="0">https://id.kb.se/term/sao/Sociologi</subfield>
    <subfield code="2">sao</subfield>
  </datafield>
  <datafield tag="650" ind1=" " ind2="0">
    <subfield code="a">Sociology</subfield>
  </datafield>
  <datafield tag="650" ind1=" " ind2="0">
    <subfield code="a">Emigration and immigration</subfield>
  </datafield>
  <datafield tag="700" ind1="1" ind2=" ">
    <subfield code="a">Merriman, Peter</subfield>
    <subfield code="4">edt</subfield>
  </datafield>
  <datafield tag="700" ind1="1" ind2=" ">
    <subfield code="a">Pearce, Lynne</subfield>
    <subfield code="4">edt</subfield>
  </datafield>
  <datafield tag="887" ind1=" " ind2=" ">
    <subfield code="a">{"@id":"p8lt17blmf43m17v","modified":"2025-06-04T11:07:16.773+02:00"}</subfield>
    <subfield code="2">librisxl</subfield>
  </datafield>
  <datafield tag="887" ind1=" " ind2=" ">
    <subfield code="a">{"@id":"p8lt3n0dm43r26qb","modified":"2025-06-04T11:09:37.616+02:00"}</subfield>
    <subfield code="2">librisxl</subfield>
  </datafield>
  <datafield tag="942" ind1=" " ind2=" ">
    <subfield code="2">ddc</subfield>
    <subfield code="c">BK-EN</subfield>
    <subfield code="n">0</subfield>
  </datafield>
  <datafield tag="999" ind1=" " ind2=" ">
    <subfield code="c">8823</subfield>
    <subfield code="d">8823</subfield>
  </datafield>
  <datafield tag="952" ind1=" " ind2=" ">
    <subfield code="0">0</subfield>
    <subfield code="1">0</subfield>
    <subfield code="2">ddc</subfield>
    <subfield code="4">0</subfield>
    <subfield code="7">0</subfield>
    <subfield code="a">CENTRAL</subfield>
    <subfield code="b">TUWAIQ</subfield>
    <subfield code="d">2026-04-09</subfield>
    <subfield code="l">0</subfield>
    <subfield code="o">304.801 M477&#x202F;2019</subfield>
    <subfield code="p">1000000029121</subfield>
    <subfield code="r">2026-04-09 13:38:42</subfield>
    <subfield code="w">2026-04-09</subfield>
    <subfield code="y">BK-EN</subfield>
  </datafield>
</record>
